R.V. Kelkar's Criminal Procedure. Ed.7 (Record no. 1006)

MARC details
000 -LEADER
fixed length control field 00327nam a2200145Ia 4500
008 - FIXED-LENGTH DATA ELEMENTS--GENERAL INFORMATION
fixed length control field 230523s9999 xx 000 0 und d
100 ## - MAIN ENTRY--PERSONAL NAME
Main Author Name Pillai, K.N.C.
245 #0 - TITLE STATEMENT
Title R.V. Kelkar's Criminal Procedure. Ed.7
250 ## - EDITION STATEMENT
Edition 7
260 ## - PUBLICATION, DISTRIBUTION, ETC.
Place of publication Lucknow
260 ## - PUBLICATION, DISTRIBUTION, ETC.
publisher Name Eastern Book Co.
260 ## - PUBLICATION, DISTRIBUTION, ETC.
Date of publication 2021
300 ## - PHYSICAL DESCRIPTION
Number Of Page 944
942 ## - ADDED ENTRY ELEMENTS (KOHA)
Koha item type Text Books
Holdings
Lost status Not for loan Home library Current library Date last seen Koha item type School Total Checkouts Barcode Date last checked out Cost, replacement price Price effective from Withdrawn status Date acquired Source of acquisition Cost, normal purchase price Bill Date Bill No
    BSOL BSOL 05/12/2025 Text Books School of Law 2 BSoL2919 28/07/2025 995.00 23/05/2023   20/05/2022 Usha Book Enterprise, Kolkata 995.00 2022-05-16 3
    BSOL BSOL 05/12/2025 Text Books School of Law 2 BSoL2920 19/11/2025 995.00 23/05/2023   20/05/2022 "Usha Book Enterprise, Kolkata" 995.00 2022-05-16 3
    BSOL BSOL 06/12/2025 Text Books School of Law 1 BSoL2921 28/07/2025 995.00 23/05/2023   20/05/2022 "Usha Book Enterprise, Kolkata" 995.00 2022-05-16 3
    BSOL BSOL 05/12/2025 Text Books School of Law 1 BSoL2922 19/11/2025 995.00 23/05/2023   20/05/2022 "Usha Book Enterprise, Kolkata" 995.00 2022-05-16 3
    BSOL BSOL 09/12/2025 Text Books School of Law 3 BSoL2923 19/11/2025 995.00 23/05/2023   20/05/2022 "Usha Book Enterprise, Kolkata" 995.00 2022-05-16 3
    BSOL BSOL 01/03/2024 Text Books School of Law 1 BSoL2924 21/08/2023 995.00 23/05/2023   20/05/2022 "Usha Book Enterprise, Kolkata" 995.00 2022-05-16 3
    BSOL BSOL 23/05/2023 Text Books School of Law   BSoL2925   995.00 23/05/2023   20/05/2022 "Usha Book Enterprise, Kolkata" 995.00 2022-05-16 3
    BSOL BSOL 23/05/2023 Text Books School of Law   BSoL2926   995.00 23/05/2023   20/05/2022 "Usha Book Enterprise, Kolkata" 995.00 2022-05-16 3
    BSOL BSOL 24/05/2024 Text Books School of Law 1 BSoL2927 25/01/2024 995.00 23/05/2023   20/05/2022 "Usha Book Enterprise, Kolkata" 995.00 2022-05-16 3
    BSOL BSOL 06/12/2025 Text Books School of Law 2 BSoL2928 28/07/2025 995.00 23/05/2023   20/05/2022 "Usha Book Enterprise, Kolkata" 995.00 2022-05-16 3

Maintained and Designed by
2cqr automation private limited, Chennai. All Rights Reserved.

You are Visitor Number

PHP Hits Count